| 000 | 00537nam a2200145 4500 | ||
|---|---|---|---|
| 082 | _aMSEE-6 SAF | ||
| 100 | _aSafir Ahmad | ||
| 245 | _aCombustion timing control of Homogeneous charge compression ignition (HCCL) Engine | ||
| 260 |
_a(Islamabad) _bNUST-SEECS _c2017 |
||
| 300 |
_a45p. _eCD Includes |
||
| 856 | _uhttp://10.250.8.41:8080/xmlui/handle/123456789/32103 | ||
| 942 |
_2ddc _cTHE |
||
| 999 |
_c356191 _d356191 |
||